The e-mail frontier : (Record no. 175201)
[ view plain ]
| 000 -LEADER | |
|---|---|
| fixed length control field | 01082 a2200205 4500 |
| 003 - CONTROL NUMBER IDENTIFIER | |
| control field | Nust |
| 005 - DATE AND TIME OF LATEST TRANSACTION | |
| control field | 20230124103041.0 |
| 010 ## - LIBRARY OF CONGRESS CONTROL NUMBER | |
| LC control number | 94002513 |
| 020 ## - INTERNATIONAL STANDARD BOOK NUMBER | |
| International Standard Book Number | 0201568608 |
| 040 ## - CATALOGING SOURCE | |
| Transcribing agency | Nust |
| 082 00 - DEWEY DECIMAL CLASSIFICATION NUMBER | |
| Classification number | 384.340973,BLU |
| 100 1# - MAIN ENTRY--PERSONAL NAME | |
| Personal name | Blum, Daniel J. |
| 9 (RLIN) | 107517 |
| 245 14 - TITLE STATEMENT | |
| Title | The e-mail frontier : |
| Remainder of title | emerging markets and evolving technologies / |
| Statement of responsibility, etc. | Daniel J. Blum, David M. Litwack. |
| 260 ## - PUBLICATION, DISTRIBUTION, ETC. | |
| Place of publication, distribution, etc. | Reading, Mass. : |
| Name of publisher, distributor, etc. | Addison-Wesley Pub. Co., |
| Date of publication, distribution, etc. | c1995 |
| 300 ## - PHYSICAL DESCRIPTION | |
| Extent | xx, 476 p. : |
| Other physical details | ill. ; |
| Dimensions | 23 cm. |
| 505 ## - FORMATTED CONTENTS NOTE | |
| Formatted contents note | The Email Frontier (Page-1), The messaging and Directory Overview (Page-15), The Private Messaging Marketplace (Page-49), The public messaging Marketplace (Page-87), Email Technology (Page-143), The X-400 Standers (Page-197), Internet Mail (Page-245), Email and Directories (Page-287), Electronic Commerce and Massage (Page-335), The Email Vision (Page-381), Email Standers, Bodies and Consortia (Page-415), Bibliography Ref (Page-439). |
| 650 #0 - SUBJECT ADDED ENTRY--TOPICAL TERM | |
| Topical term or geographic name entry element | Electronic mail systems |
| Geographic subdivision | United States. |
| 9 (RLIN) | 107518 |
| 700 1# - ADDED ENTRY--PERSONAL NAME | |
| Personal name | Litwack, David M. |
| 9 (RLIN) | 107519 |
| 942 ## - ADDED ENTRY ELEMENTS (KOHA) | |
| Koha item type | Reference |
| Source of classification or shelving scheme | |
| Call number prefix | 384.340973,BLU |
| Withdrawn status | Lost status | Source of classification or shelving scheme | Damaged status | Not for loan | Permanent Location | Current Location | Shelving location | Date acquired | Full call number | Barcode | Date last seen | Price effective from | Koha item type | Public note |
|---|---|---|---|---|---|---|---|---|---|---|---|---|---|---|
| Military College of Signals (MCS) | Military College of Signals (MCS) | General Stacks | 12/12/2016 | 384.340973,BLU | MCS26764 | 12/08/2016 | 12/12/2016 | Book | Almirah No. 54, Shelf No. 4 |
